000
00267nam a22001217a 4500
008
181127b xxu||||| |||| 00| 0 eng d
041
_a
eng
080
_a
043.3
100
_a
0
101
_a
BTH-ARK
245
_a
Muzeu "Bekim Fehmiu"
_c
Bejtullahu,V
942
_2
udc
_c
BK
999
_c
52577
_d
52577